03157nam a2200601Ia 450000500170000000700030001700800410002002000180006102000150007904000350009404100080012904300120013708400130014924500940016225000220025626400620027830000250034033600270036533700330039233800280042549000210045350507610047452100380123554500710127365000400134465000530138465000420143765000330147965000300151265000270154270000510156970000450162070000460166570000450171170000430175670000380179970000500183770000490188770000520193670000420198870000530203070000510208370000430213470000530217770000420223070000570227270000540232970000420238370000520242570000480247794200150252599900150254020220317001946.0ta210809s2019 ck er 000 jdspa d a9789584277978 a9584277979 aCO-BoRNBPbspaerdacCO-BoRNBP0 aspa as-ck--- aC CUE19600aCuerposbveinte formas de habitar el mundocJuliana Ángel Osorno [y otras diez y nueve] aPrimera edición 1aBogotábEditorial Planeta ColombianabSeix Barralc2019 a279 páginasc24 cm 2rdacontentatextobtxt 2rdamediaasin mediaciónbn 2rdacarrieravolumenbnc0 aBiblioteca breve1 tDejar caerrJuliana RestrepotTierra húmedarAlejandra Omaña (Amaranta Hank)tEl cuerpo de la nutriarFátima VéleztRetornorAndrea Mejía tPink Ladyr Lina TonotParéntesisrMónica Gil RestrepotPiel de osorJuliana Muñoz TorotEl deseo es una cicatrizrMaría del Mar RamóntDosis imparrMaría OspinatSiempre mujer, siempre perfectarMelba Escobar de NogalestCununorDayana Zapata FlóreztLa llegada de Miss Piggy VaquerarAndrea SalgadotLa lista de tus órganosrLina María Parra Ochoat RominarIsabel BoterotPlaceres necesariosrMariángela Urbina CastillatPan de vidarAdelaida Fernández OchoatEl penúltimo cuerpo rPaola GuevaratMe ponés nervioso, LetirTatiana Andrade MejíatInterioresrValentina Calvache aRecomendado para público adulto aIncluye datos biográficos de las autoras al final de cada cuento17aAutores colombianosySiglo XX2LEMB17aCuentos colombianosxColeccionesySiglo XX2LEMB17aLiteratura colombianaySiglo XX2LEMB17aCuerpo humanovCuentos2LEMB17aMaternidadvCuentos2LEMB17aMujeresvCuentos2LEMB1 aÁngel Osorno, Julianad1989-eautora91791891 aRetrepo, Julianad1982- eautora91791901 aOmaña, Alejandrad1992-eautora91791911 aVélez, Fátimad1985-eautora91791921 aMejía, Andread1978-eautora91791931 aToro, Linad1984-eautora91791941 aGil Restrepo, Mónicad1975-eautora91143581 aMuñoz Toro, Julianad1988-eautora91791951 aRamón, María del Mard1992-eautora91791961 aOspina,Maríad1977-eautora91791971 aEscobar de Nogales, Melbad1976-eautora91104331 aZapata Flórez, Dayanad1990-eautora91791981 aSalgado, Andread1977-eautora91791991 aParra Ochoa, Lina Maríad1986-eautora91792001 aBotero, Isabeld1976-eautora91792011 aUrbina Castilla, Mariángelad1993-eautora91792021 aFernández Ochoa,Adelaidad1957-eautora91146581 aGuevara, Paolad1977-eautora91792031 aAndrade Mejía, Tatianad1977-eautora91792041 aCalvache, Valentinad1991- eautora9179205 2loccBKLIT c8698d8698